[Event "Semriach op 12th"]
[Site "Semriach"]
[Date "2013.05.01"]
[Round "5"]
[White "Halser, Walter"]
[Black "Kersten, Julian"]
[Result "1-0"]
[WhiteElo "2108"]
[BlackElo "1948"]
[PlyCount "47"]
[EventDate "2013.04.27"]
[EventType "swiss"]
[EventRounds "5"]
[EventCountry "AUT"]
[SourceTitle "CBM 154 Extra"]
[Source "ChessBase"]
[SourceDate "2013.06.25"]
[SourceVersion "2"]
[SourceVersionDate "2013.06.25"]
[SourceQuality "1"]

1. e4 e6 2. d4 d5 3. Nd2 c5 4. Ngf3 Nc6 5. exd5 exd5 6. Bb5 Bd6 7. 0-0 Nge7 8. c3 0-0 9. dxc5 Bxc5 10. Nb3 Bd6 11. Bd3 h6 12. h3 Nf5 13. Re1 Nh4 14. Be3 Nxf3+ 15. Qxf3 Ne5 16. Qd1 f5 17. Bf1 Bc7 18. Bf4 Nf7 19. Bxc7 Qxc7 20. Qxd5 Bd7 21. Re7 Bc6 22. Rxc7 Bxd5 23. Rd1 Bc6 24. Bc4 1-0

[Event "Graz op"]
[Site "Graz"]
[Date "2005.09.10"]
[Round "8"]
[White "Schein, Karl Heinz"]
[Black "Halser, Walter"]
[Result "1-0"]
[WhiteElo "2251"]
[BlackElo "2118"]
[PlyCount "23"]
[EventDate "2005.09.03"]
[EventType "swiss"]
[EventRounds "9"]
[EventCountry "AUT"]
[SourceTitle "EXT 2007"]
[Source "ChessBase"]
[SourceDate "2006.11.23"]
[SourceVersion "1"]
[SourceVersionDate "2006.11.23"]
[SourceQuality "1"]

1. e4 e5 2. Nf3 Nc6 3. Nc3 Nf6 4. Bb5 Nd4 5. Ba4 Bc5 6. Nxe5 c6 7. Nd3 Bb6 8. e5 Ng8 9. Ne4 d5 10. Nd6+ Kf8 11. 0-0 Bg4 12. Qxg4 1-0

[Event "Graz op"]
[Site "Graz"]
[Date "2005.09.09"]
[Round "7"]
[White "Halser, Walter"]
[Black "Krieger, Hermann"]
[Result "1/2-1/2"]
[WhiteElo "2118"]
[BlackElo "2231"]
[PlyCount "26"]
[EventDate "2005.09.03"]
[EventType "swiss"]
[EventRounds "9"]
[EventCountry "AUT"]
[SourceTitle "EXT 2007"]
[Source "ChessBase"]
[SourceDate "2006.11.23"]
[SourceVersion "1"]
[SourceVersionDate "2006.11.23"]
[SourceQuality "1"]

1. f4 d5 2. b3 Nf6 3. Bb2 g6 4. e3 Bg7 5. Nf3 0-0 6. Be2 c5 7. 0-0 Nc6 8. Qe1 e6 9. Ne5 Qc7 10. Nxc6 Qxc6 11. Be5 Ne8 12. Bxg7 Nxg7 13. d3 Bd7 1/2-1/2

[Event "Graz op"]
[Site "Graz"]
[Date "2005.09.08"]
[Round "6"]
[White "Zirngast, Erhard"]
[Black "Halser, Walter"]
[Result "0-1"]
[WhiteElo "2050"]
[BlackElo "2118"]
[PlyCount "90"]
[EventDate "2005.09.03"]
[EventType "swiss"]
[EventRounds "9"]
[EventCountry "AUT"]
[SourceTitle "EXT 2007"]
[Source "ChessBase"]
[SourceDate "2006.11.23"]
[SourceVersion "1"]
[SourceVersionDate "2006.11.23"]
[SourceQuality "1"]

1. Nf3 d5 2. Nc3 Nf6 3. d4 Bf5 4. Bf4 e6 5. Ne5 c6 6. f3 h5 7. e3 Qb6 8. Qc1 h4 9. Bd3 Bxd3 10. cxd3 Be7 11. Bg5 Qd8 12. Qd2 Nbd7 13. Nxd7 Nxd7 14. Bxe7 Qxe7 15. 0-0-0 0-0-0 16. Kb1 Kb8 17. Rc1 e5 18. Ne2 f6 19. dxe5 fxe5 20. g3 Qf7 21. f4 exf4 22. gxf4 c5 23. Rhg1 Qe7 24. Nc3 Nf6 25. Rg5 Rh5 26. Rxh5 Nxh5 27. Qf2 c4 28. dxc4 dxc4 29. e4 Rf8 30. f5 g5 31. Qe2 Nf4 32. Qxc4 Rc8 33. Nd5 Rxc4 34. Nxe7 Rxc1+ 35. Kxc1 g4 36. Kd2 g3 37. hxg3 h3 38. gxf4 h2 39. f6 h1Q 40. f7 Qg2+ 41. Kd3 Qg7 42. f5 Qxf7 43. Nd5 Kc8 44. Ke3 Kd7 45. f6 Ke6 0-1

[Event "AUT-ch"]
[Site "Hartberg"]
[Date "2004.08.01"]
[Round "9"]
[White "Krenek, Markus"]
[Black "Halser, Walter"]
[Result "1/2-1/2"]
[WhiteElo "2117"]
[BlackElo "2120"]
[PlyCount "22"]
[EventDate "2004.07.24"]
[EventType "swiss"]
[EventRounds "9"]
[EventCountry "AUT"]
[SourceTitle "CBM 101 Extra"]
[Source "ChessBase"]
[SourceDate "2004.09.01"]
[SourceVersion "2"]
[SourceVersionDate "2004.09.01"]
[SourceQuality "1"]

1. e4 e5 2. Nf3 Nc6 3. Bb5 Nd4 4. Bc4 d6 5. c3 Nxf3+ 6. Qxf3 Qf6 7. Qxf6 Nxf6 8. d3 Be7 9. 0-0 0-0 10. Bg5 Be6 11. Nd2 Rfe8 1/2-1/2

[Event "AUT-ch"]
[Site "Hartberg"]
[Date "2004.07.29"]
[Round "6"]
[White "Halser, Walter"]
[Black "Titz, Heimo"]
[Result "0-1"]
[WhiteElo "2120"]
[BlackElo "2217"]
[PlyCount "104"]
[EventDate "2004.07.24"]
[EventType "swiss"]
[EventRounds "9"]
[EventCountry "AUT"]
[SourceTitle "CBM 101 Extra"]
[Source "ChessBase"]
[SourceDate "2004.09.01"]
[SourceVersion "2"]
[SourceVersionDate "2004.09.01"]
[SourceQuality "1"]

1. e4 c5 2. Nc3 Nc6 3. f4 g6 4. Nf3 Bg7 5. Bc4 e6 6. f5 Nge7 7. fxe6 dxe6 8. 0-0 0-0 9. a3 a6 10. d3 b5 11. Ba2 Qc7 12. Qe1 Nd4 13. Qh4 b4 14. axb4 cxb4 15. Na4 Ne2+ 16. Kh1 Nxc1 17. Raxc1 Nc6 18. c3 Qa5 19. Bb3 Rb8 20. cxb4 Qxb4 21. Nc5 Na5 22. Ba2 h6 23. d4 Qxb2 24. Rb1 Qe2 25. Rfe1 Rxb1 26. Bxb1 Qb2 27. e5 Nc6 28. Ne4 Nb4 29. Nf6+ Kh8 30. Qg3 Nd5 31. Nh4 Qc3 32. Qf2 Bxf6 33. exf6 Kh7 34. Rf1 Bd7 35. Nf3 Bb5 36. Re1 Nxf6 37. h4 Kg7 38. Ne5 h5 39. Ba2 Ng4 40. Nxg4 hxg4 41. Kh2 Rd8 42. Rd1 Qc7+ 43. Qg3 Qxg3+ 44. Kxg3 Bc6 45. Rd2 Bd5 46. Bb1 f5 47. Kf4 Kf6 48. g3 a5 49. Bc2 Rc8 50. Bd3 a4 51. Rb2 a3 52. Rb6 a2 0-1

[Event "AUT-ch"]
[Site "Hartberg"]
[Date "2004.07.25"]
[Round "2"]
[White "Halser, Walter"]
[Black "Diermair, Andreas"]
[Result "0-1"]
[WhiteElo "2120"]
[BlackElo "2236"]
[PlyCount "134"]
[EventDate "2004.07.24"]
[EventType "swiss"]
[EventRounds "9"]
[EventCountry "AUT"]
[SourceTitle "CBM 101 Extra"]
[Source "ChessBase"]
[SourceDate "2004.09.01"]
[SourceVersion "2"]
[SourceVersionDate "2004.09.01"]
[SourceQuality "1"]

1. e4 e5 2. Nf3 Nc6 3. Bc4 Nf6 4. d4 exd4 5. e5 d5 6. Bb5 Ne4 7. Nxd4 Bd7 8. Bxc6 bxc6 9. 0-0 Bc5 10. Be3 Qe7 11. Re1 0-0 12. f3 Ng5 13. f4 Ne6 14. Qd2 Bb6 15. Kh1 f5 16. Nc3 Nxd4 17. Bxd4 Be6 18. Na4 c5 19. Nxb6 axb6 20. Bf2 Ra4 21. c3 Rfa8 22. a3 Qd7 23. Bg3 Qc6 24. Rac1 Rd8 25. h3 d4 26. Red1 d3 27. Qf2 Rd7 28. Rd2 Re4 29. Rcd1 Bb3 30. Re1 Bc4 31. Re3 Rxe3 32. Qxe3 Qd5 33. Kh2 Kf7 34. Be1 Bb5 35. Bh4 h6 36. Be1 Bc6 37. Qg3 Qe4 38. Qh4 Kf8 39. Qg3 Bb7 40. Qf2 Bc6 41. Qg3 Kf7 42. Qh4 Kf8 43. Qg3 Bb5 44. Bf2 Kg8 45. Qe3 Bc6 46. Qxe4 Bxe4 47. g4 Kf7 48. Kg3 Ke6 49. Be3 Rd8 50. Bg1 g6 51. Be3 Rg8 52. Rf2 g5 53. Bd2 gxf4+ 54. Kxf4 Rf8 55. Kg3 Rh8 56. Kf4 h5 57. g5 h4 58. g6 Rg8 59. Kg5 f4 60. Rxf4 Rxg6+ 61. Kxh4 Kxe5 62. Rg4 Rf6 63. Rg5+ Ke6 64. Kg3 Rf3+ 65. Kg4 Rf2 66. Bf4 Rg2+ 67. Kh4 d2 0-1

[Event "AUT-ch"]
[Site "Oberpullendorf"]
[Date "2002.08.12"]
[Round "3"]
[White "Halser, Walter"]
[Black "Zoebisch, Herbert"]
[Result "0-1"]
[WhiteElo "2158"]
[BlackElo "2240"]
[PlyCount "146"]
[EventDate "2002.08.10"]
[EventType "swiss"]
[EventRounds "9"]
[EventCountry "AUT"]
[SourceTitle "CBM 089 Extra"]
[Source "ChessBase"]
[SourceDate "2002.09.10"]
[SourceVersion "2"]
[SourceVersionDate "2002.09.10"]
[SourceQuality "1"]

1. e4 e5 2. Nf3 Nc6 3. Bb5 a6 4. Ba4 Nf6 5. 0-0 Be7 6. Re1 b5 7. Bb3 d6 8. c3 0-0 9. h3 Bb7 10. d3 Na5 11. Bc2 c5 12. Nbd2 Re8 13. Nf1 Bf8 14. Ne3 h6 15. Nf5 Nc6 16. Bd2 Ne7 17. N3h4 Nxf5 18. Nxf5 d5 19. Qc1 dxe4 20. dxe4 Bc8 21. Nxh6+ gxh6 22. Bxh6 Bxh6 23. Qxh6 Nh7 24. Re3 Qf6 25. Rg3+ Kh8 26. Qe3 c4 27. Rf3 Qe7 28. a4 Be6 29. axb5 axb5 30. Rxa8 Rxa8 31. Qb6 Qd7 32. Kh2 Rg8 33. Qc5 f6 34. Qe3 Rd8 35. Qb6 Kg7 36. Re3 Nf8 37. Re1 Qe8 38. Ra1 Kg8 39. Bd1 Rb8 40. Qa7 Rd8 41. Qe3 Qg6 42. Bf3 Nd7 43. Ra6 Nf8 44. Qb6 Qe8 45. Ra7 Rc8 46. Qb7 Qd7 47. Qb6 Qc6 48. Qa5 Qc5 49. Rb7 Qxf2 50. Qxb5 Qc5 51. Qa6 Rd8 52. Rb6 Bc8 53. Rc6 Bxa6 54. Rxc5 Rc8 55. Ra5 Rc6 56. Be2 Bc8 57. Ra7 Be6 58. Rb7 Nd7 59. Rb4 Kf8 60. Ra4 Rc7 61. h4 Nc5 62. Ra8+ Kg7 63. Bf3 Rb7 64. Ra5 Nd3 65. Ra6 Bf7 66. h5 Nxb2 67. Bg4 Nd3 68. Kg3 Nc5 69. h6+ Kxh6 70. Rc6 Nxe4+ 71. Kh4 Kg7 72. Bf3 Bd5 73. Rc8 Nxc3 0-1

[Event "AUT-ch"]
[Site "Oberpullendorf"]
[Date "2002.08.11"]
[Round "2"]
[White "Kwatschewsky, Leo"]
[Black "Halser, Walter"]
[Result "1-0"]
[WhiteElo "2273"]
[BlackElo "2158"]
[PlyCount "111"]
[EventDate "2002.08.10"]
[EventType "swiss"]
[EventRounds "9"]
[EventCountry "AUT"]
[SourceTitle "CBM 089 Extra"]
[Source "ChessBase"]
[SourceDate "2002.09.10"]
[SourceVersion "2"]
[SourceVersionDate "2002.09.10"]
[SourceQuality "1"]

1. c4 e5 2. Nc3 Nf6 3. Nf3 d6 4. g3 Be7 5. Bg2 c6 6. d3 Nbd7 7. 0-0 0-0 8. e4 Qa5 9. h3 Nc5 10. Be3 Ne6 11. d4 exd4 12. Nxd4 Nxd4 13. Qxd4 Ne8 14. Rfd1 Be6 15. Rac1 Qc7 16. Nd5 Bxd5 17. cxd5 c5 18. Qa4 Nf6 19. Qb5 Qd7 20. Qxd7 Nxd7 21. a4 Rab8 22. Bf1 f5 23. Bb5 Ne5 24. exf5 Rxf5 25. f4 Ng6 26. Rc4 Rff8 27. Re4 Bf6 28. b3 Rfd8 29. g4 Bc3 30. Rd3 Bb2 31. Rd2 Bc3 32. Re2 b6 33. Kg2 Rb7 34. Bf2 Rf8 35. f5 Ne5 36. Rc2 Bb4 37. Bg3 g6 38. fxg6 hxg6 39. Bxe5 dxe5 40. Rxe5 Rf6 41. g5 Rd6 42. Rce2 Rf7 43. Re8+ Rf8 44. Bc4 Kg7 45. h4 Bc3 46. Rxf8 Kxf8 47. Kg3 Kf7 48. Re6 Rxe6 49. dxe6+ Ke7 50. Bd3 Kxe6 51. Bxg6 Ke5 52. Kg4 Kd4 53. h5 c4 54. bxc4 Kxc4 55. h6 Kc5 56. Be8 1-0

[Event "Graz op"]
[Site "Graz"]
[Date "2002.??.??"]
[Round "8"]
[White "Kreisl, Robert"]
[Black "Halser, Walter"]
[Result "1-0"]
[WhiteElo "2128"]
[BlackElo "2158"]
[PlyCount "121"]
[EventDate "2002.??.??"]
[EventType "swiss"]
[EventRounds "9"]
[EventCountry "AUT"]
[SourceTitle "EXT 2003"]
[Source "ChessBase"]
[SourceDate "2002.11.25"]
[SourceVersion "1"]
[SourceVersionDate "2002.11.25"]
[SourceQuality "1"]

1. d4 Nf6 2. c4 e6 3. Nc3 Bb4 4. Nf3 Ne4 5. Qc2 f5 6. g3 0-0 7. Bg2 c6 8. 0-0 d5 9. Nd1 Be7 10. a3 a5 11. b3 Bd7 12. Nb2 Be8 13. Nd3 Nd7 14. Rb1 Bf6 15. c5 Bh5 16. b4 axb4 17. axb4 g5 18. Bb2 Bg6 19. Ra1 Qc7 20. Rxa8 Rxa8 21. Ra1 Rxa1+ 22. Bxa1 b6 23. Qa4 bxc5 24. bxc5 g4 25. Qa8+ Kf7 26. Nfe1 Ng5 27. e3 Ne4 28. Nc2 Nd2 29. Bc3 Nc4 30. Ncb4 Nb8 31. Na6 Nxa6 32. Qxa6 Ke7 33. Nb4 Kd7 34. Bf1 Na5 35. Nxd5 exd5 36. Bxa5 Qb8 37. Bb6 h5 38. Bd3 h4 39. Bc2 Ke6 40. Ba4 Be8 41. Qa7 Qc8 42. gxh4 Bd7 43. h5 Qe8 44. Qc7 Be7 45. Qe5+ Kf7 46. Bc2 Qc8 47. Kg2 Bf6 48. Qc7 Qxc7 49. Bxc7 Bg5 50. Kg3 Kg7 51. Bf4 Kh6 52. Bxg5+ Kxg5 53. h6 Kxh6 54. Kf4 Kg6 55. Ke5 Kg5 56. Kd6 Be8 57. Ba4 Kh4 58. Bxc6 Bg6 59. Bxd5 f4 60. exf4 Bd3 61. Be6 1-0

[Event "Saarlouis op 4th"]
[Site "Saarlouis"]
[Date "2001.05.22"]
[Round "5"]
[White "Lang, Andreas"]
[Black "Halser, Walter"]
[Result "1-0"]
[WhiteElo "1862"]
[BlackElo "2119"]
[PlyCount "133"]
[EventDate "2001.05.??"]
[EventType "swiss"]
[EventRounds "9"]
[EventCountry "GER"]
[SourceTitle "EXT 2006"]
[Source "ChessBase"]
[SourceDate "2005.11.24"]
[SourceVersion "1"]
[SourceVersionDate "2005.11.24"]
[SourceQuality "1"]

1. e4 e5 2. Nf3 Nc6 3. Bb5 Bc5 4. c3 Nf6 5. Qe2 0-0 6. 0-0 d6 7. d3 Ne7 8. Be3 Bb6 9. Nbd2 c6 10. Ba4 Ng6 11. g3 Bh3 12. Rfe1 h6 13. Bc2 Bc7 14. d4 Ng4 15. dxe5 Nxe3 16. Qxe3 Bb6 17. Qe2 dxe5 18. Nc4 Bc7 19. Rad1 Qf6 20. Kh1 Bg4 21. Kg2 Qe6 22. Bb3 Bh3+ 23. Kh1 Qf6 24. Ng1 Be6 25. Ne3 Rad8 26. Qf3 Qxf3+ 27. Nxf3 Bb6 28. Bxe6 fxe6 29. Rxd8 Rxd8 30. Rd1 Rxd1+ 31. Nxd1 Kf7 32. Kg2 Kf6 33. Kf1 Nf8 34. Ke2 Nd7 35. b3 Bc7 36. Nb2 g5 37. h4 Kg6 38. hxg5 hxg5 39. Nd3 g4 40. Nd2 Nf6 41. Nc5 b5 42. Nxe6 Bb6 43. b4 a5 44. f3 gxf3+ 45. Kxf3 a4 46. c4 Kf7 47. c5 Kxe6 48. cxb6 Kd6 49. g4 Nd7 50. b7 Kc7 51. g5 Kxb7 52. Kg4 c5 53. bxc5 Kc6 54. Kf5 Nf8 55. Kxe5 Kxc5 56. Kf6 Kd4 57. g6 Nxg6 58. Kxg6 b4 59. Kf5 b3 60. Nxb3+ Kc3 61. Nd4 Kxd4 62. e5 Kc3 63. e6 Kb2 64. e7 Kxa2 65. e8Q a3 66. Qe1 Kb2 67. Qb4+ 1-0

[Event "Saarlouis op 4th"]
[Site "Saarlouis"]
[Date "2001.05.21"]
[Round "4"]
[White "Halser, Walter"]
[Black "Goreacinic, Dmitri"]
[Result "0-1"]
[WhiteElo "2119"]
[BlackElo "2239"]
[PlyCount "104"]
[EventDate "2001.05.??"]
[EventType "swiss"]
[EventRounds "9"]
[EventCountry "GER"]
[SourceTitle "EXT 2006"]
[Source "ChessBase"]
[SourceDate "2005.11.24"]
[SourceVersion "1"]
[SourceVersionDate "2005.11.24"]
[SourceQuality "1"]

1. e4 Nf6 2. e5 Nd5 3. c4 Nb6 4. c5 Nd5 5. Nc3 e6 6. Bc4 Nxc3 7. bxc3 Bxc5 8. d4 Be7 9. Qg4 Kf8 10. Nf3 d6 11. 0-0 h5 12. Qf4 Kg8 13. h4 Nd7 14. Qg3 dxe5 15. dxe5 Nb6 16. Bb3 Bd7 17. Bg5 Bc6 18. Rad1 Qe8 19. Bf6 Qf8 20. Ng5 Rh6 21. Bc2 Kh8 22. Qf4 Bxf6 23. exf6 Rxf6 24. Qxc7 Nd5 25. Qe5 Qb8 26. Nxf7+ Rxf7 27. Qxh5+ Kg8 28. Bg6 Nf4 29. Bxf7+ Kf8 30. Qg4 Kxf7 31. g3 Nd5 32. Qh5+ Kg8 33. Qg4 Qe8 34. Rfe1 Bd7 35. Qd4 Qf7 36. c4 Nf6 37. Re5 Bc6 38. Qd6 Re8 39. Qc5 Ng4 40. Re3 Nxe3 41. Qxe3 Qf3 42. Qxf3 Bxf3 43. Rd7 Bc6 44. Rc7 Rd8 45. f4 Rd1+ 46. Kf2 Rd2+ 47. Ke3 Rxa2 48. Kd4 Rg2 49. Rc8+ Kh7 50. Ke5 Rxg3 51. Kxe6 Rf3 52. f5 Rxf5 0-1

[Event "Saarlouis op 4th"]
[Site "Saarlouis"]
[Date "2001.05.20"]
[Round "2"]
[White "Espig, Lutz"]
[Black "Halser, Walter"]
[Result "1-0"]
[WhiteElo "2413"]
[BlackElo "2119"]
[PlyCount "83"]
[EventDate "2001.05.??"]
[EventType "swiss"]
[EventRounds "9"]
[EventCountry "GER"]
[SourceTitle "EXT 2006"]
[Source "ChessBase"]
[SourceDate "2005.11.24"]
[SourceVersion "1"]
[SourceVersionDate "2005.11.24"]
[SourceQuality "1"]

1. Nf3 d5 2. g3 Bg4 3. Bg2 Nc6 4. c4 d4 5. 0-0 e5 6. d3 Nf6 7. h3 Bd7 8. e3 Be7 9. exd4 exd4 10. Na3 0-0 11. Nc2 Bc5 12. a3 a5 13. b3 h6 14. Rb1 Re8 15. b4 axb4 16. axb4 Ba7 17. b5 Ne5 18. Bb2 c5 19. bxc6 Nxf3+ 20. Qxf3 Bxc6 21. Qd1 Qd7 22. Re1 Bc5 23. Ra1 Qd6 24. Rxe8+ Rxe8 25. Bxc6 bxc6 26. Ra6 Nd7 27. Kg2 Ne5 28. Bc1 Qg6 29. Ne1 Bb4 30. Bf4 Nd7 31. Nf3 Nc5 32. Ne5 Rxe5 33. Ra8+ Kh7 34. Bxe5 Nxd3 35. Qe2 c5 36. Ra1 Nxe5 37. Qxe5 Qc6+ 38. Qd5 Qxd5+ 39. cxd5 c4 40. Kf3 c3 41. Ke4 Ba3 42. Rxa3 1-0

[Event "Saarlouis op 4th"]
[Site "Saarlouis"]
[Date "2001.05.20"]
[Round "3"]
[White "Halser, Walter"]
[Black "Schmitt, Adolf"]
[Result "1-0"]
[WhiteElo "2119"]
[BlackElo "1834"]
[PlyCount "101"]
[EventDate "2001.05.??"]
[EventType "swiss"]
[EventRounds "9"]
[EventCountry "GER"]
[SourceTitle "EXT 2006"]
[Source "ChessBase"]
[SourceDate "2005.11.24"]
[SourceVersion "1"]
[SourceVersionDate "2005.11.24"]
[SourceQuality "1"]

1. e4 e5 2. Nf3 d6 3. d4 Qe7 4. Nc3 c6 5. Be2 Nf6 6. 0-0 g6 7. Be3 Bg7 8. h3 Nbd7 9. Nd2 h6 10. a4 g5 11. Nc4 0-0 12. dxe5 dxe5 13. Qd6 Re8 14. Rfd1 Bf8 15. a5 Qxd6 16. Nxd6 Bxd6 17. Rxd6 Kg7 18. f3 a6 19. Na4 Nh5 20. Rad1 Nf8 21. b3 Nf4 22. Bf1 f5 23. Nb6 Rb8 24. Nxc8 Rbxc8 25. exf5 Nd5 26. Bc5 Rc7 27. Bc4 Nf6 28. Rd8 N8d7 29. Rxe8 Nxe8 30. Bf2 Nef6 31. Be6 c5 32. g4 Kf8 33. h4 Ke7 34. hxg5 hxg5 35. Be3 Nh7 36. Kg2 Ndf6 37. c4 Rc6 38. Rh1 Kf8 39. Rh6 e4 40. Rg6 exf3+ 41. Kxf3 Rc7 42. Bxg5 Nxg5+ 43. Rxg5 Rh7 44. Rg6 Ke7 45. g5 Nd7 46. Bxd7 Kxd7 47. Rb6 Ke8 48. g6 Rd7 49. f6 Kf8 50. Kf4 Kg8 51. Ke5 1-0

[Event "Oberwart op"]
[Site "Oberwart"]
[Date "2001.??.??"]
[Round "7"]
[White "Groetz, Harald"]
[Black "Halser, Walter"]
[Result "1/2-1/2"]
[WhiteElo "2258"]
[BlackElo "2119"]
[PlyCount "103"]
[EventDate "2001.??.??"]
[EventType "swiss"]
[EventRounds "9"]
[EventCountry "AUT"]
[SourceTitle "EXT 2002"]
[Source "ChessBase"]
[SourceDate "2001.11.25"]
[SourceVersion "1"]
[SourceVersionDate "2001.11.25"]
[SourceQuality "1"]

1. e4 e5 2. Nf3 Nc6 3. Bb5 Bc5 4. c3 Bb6 5. 0-0 Nf6 6. d4 0-0 7. Bg5 d6 8. Bxc6 bxc6 9. dxe5 dxe5 10. Qa4 Qe8 11. Na3 Bg4 12. Rad1 Bxf3 13. gxf3 Qe6 14. Qc4 Qh3 15. Qe2 Nh5 16. f4 exf4 17. Rd3 Ng3 18. Qd1 Qxf1+ 19. Qxf1 Nxf1 20. Kxf1 f6 21. Bxf4 Rad8 22. Rxd8 Rxd8 23. Ke2 g5 24. Bg3 h5 25. f3 Kf7 26. Nc4 h4 27. Be1 Ke6 28. Bd2 h3 29. Be1 f5 30. exf5+ Kxf5 31. Bg3 Rd7 32. b4 a6 33. a4 Bg1 34. Ne5 Re7 35. Kf1 Bxh2 36. Nxc6 Bxg3 37. Nxe7+ Kf4 38. Nc6 Kxf3 39. Nd4+ Ke4 40. b5 axb5 41. a5 Bd6 42. Ne6 c5 43. Nxg5+ Kd5 44. Nxh3 Be5 45. Nf2 Bxc3 46. a6 Kc6 47. Ne4 Bd4 48. a7 Kb7 49. Nd6+ Kxa7 50. Nxb5+ Kb6 51. Nxd4 cxd4 52. Ke2 1/2-1/2

[Event "Graz op"]
[Site "Graz"]
[Date "2001.??.??"]
[Round "9"]
[White "Halser, Walter"]
[Black "Schein, Karl Heinz"]
[Result "1/2-1/2"]
[WhiteElo "2119"]
[BlackElo "2240"]
[PlyCount "44"]
[EventDate "2001.09.??"]
[EventType "swiss"]
[EventRounds "9"]
[EventCountry "AUT"]
[SourceTitle "EXT 2002"]
[Source "ChessBase"]
[SourceDate "2001.11.25"]
[SourceVersion "1"]
[SourceVersionDate "2001.11.25"]
[SourceQuality "1"]

1. e4 c6 2. d4 d5 3. exd5 cxd5 4. Bd3 Nc6 5. c3 g6 6. Bf4 Bg7 7. Nf3 Nf6 8. h3 0-0 9. 0-0 a6 10. Nbd2 Bd7 11. Ne5 Rc8 12. Qe2 Na5 13. Rfe1 Bf5 14. Ndf3 Bxd3 15. Nxd3 Re8 16. Nde5 Ne4 17. Nd2 Nxd2 18. Bxd2 Nc4 19. Nxc4 dxc4 20. Rad1 Qd5 21. Qe4 Rcd8 22. Bf4 Qxe4 1/2-1/2

[Event "Graz op"]
[Site "Graz"]
[Date "2001.??.??"]
[Round "8"]
[White "Halser, Walter"]
[Black "Wegerer, Fred"]
[Result "0-1"]
[WhiteElo "2119"]
[BlackElo "2230"]
[PlyCount "72"]
[EventDate "2001.09.??"]
[EventType "swiss"]
[EventRounds "9"]
[EventCountry "AUT"]
[SourceTitle "EXT 2002"]
[Source "ChessBase"]
[SourceDate "2001.11.25"]
[SourceVersion "1"]
[SourceVersionDate "2001.11.25"]
[SourceQuality "1"]

1. e4 c5 2. Nf3 Nc6 3. Nc3 e6 4. d4 cxd4 5. Nxd4 a6 6. Be3 Qc7 7. Bd3 Nf6 8. 0-0 Ne5 9. h3 Nc4 10. Bxc4 Qxc4 11. e5 Nd5 12. Nxd5 Qxd5 13. Nf3 Qxd1 14. Rfxd1 b5 15. c3 Bb7 16. Nd4 Be7 17. a4 bxa4 18. Rxa4 f6 19. f4 fxe5 20. fxe5 0-0 21. Nc2 Bc6 22. Raa1 a5 23. b4 axb4 24. Nxb4 Ba4 25. Rd2 Bb5 26. Rda2 Rxa2 27. Rxa2 Rf1+ 28. Kh2 Re1 29. Bd4 Bg5 30. Kg3 h5 31. Kf2 Rf1+ 32. Kg3 Bf4+ 33. Kh4 g6 34. g4 Rf3 35. gxh5 g5+ 36. Kg4 Rg3# 0-1

[Event "Graz op"]
[Site "Graz"]
[Date "2001.??.??"]
[Round "1"]
[White "Polak, Tomas"]
[Black "Halser, Walter"]
[Result "1-0"]
[WhiteElo "2481"]
[BlackElo "2119"]
[PlyCount "68"]
[EventDate "2001.09.??"]
[EventType "swiss"]
[EventRounds "9"]
[EventCountry "AUT"]
[SourceTitle "EXT 2002"]
[Source "ChessBase"]
[SourceDate "2001.11.25"]
[SourceVersion "1"]
[SourceVersionDate "2001.11.25"]
[SourceQuality "1"]

1. d4 Nf6 2. Nf3 e6 3. c4 b6 4. g3 Bb7 5. Bg2 d5 6. Ne5 Bb4+ 7. Bd2 Bxd2+ 8. Qxd2 0-0 9. Nc3 c6 10. 0-0 Nfd7 11. f4 Nxe5 12. fxe5 Nd7 13. cxd5 cxd5 14. Nb5 f6 15. Bh3 f5 16. Rac1 Qe7 17. Rf3 a5 18. Nd6 Ba6 19. Rfc3 Ra7 20. Rc7 Rfa8 21. a3 Rxc7 22. Rxc7 Qd8 23. Rc6 a4 24. Kf2 h6 25. Bg2 Kh7 26. h4 b5 27. e3 Nb8 28. Rc3 Nd7 29. Qc2 Nb6 30. Rc6 Nc4 31. Nxc4 bxc4 32. Rxe6 Bc8 33. Rd6 Qc7 34. Rxd5 Rb8 1-0

[Event "Graz op"]
[Site "Graz"]
[Date "2001.??.??"]
[Round "6"]
[White "Rogulj, Branko"]
[Black "Halser, Walter"]
[Result "1-0"]
[WhiteElo "2460"]
[BlackElo "2119"]
[PlyCount "71"]
[EventDate "2001.09.??"]
[EventType "swiss"]
[EventRounds "9"]
[EventCountry "AUT"]
[SourceTitle "EXT 2002"]
[Source "ChessBase"]
[SourceDate "2001.11.25"]
[SourceVersion "1"]
[SourceVersionDate "2001.11.25"]
[SourceQuality "1"]

1. e4 e5 2. Nf3 Nc6 3. Bb5 f5 4. Qe2 fxe4 5. Qxe4 Nf6 6. Qe2 e4 7. d3 Qe7 8. dxe4 Qxe4 9. Be3 Bb4+ 10. c3 Ba5 11. Nbd2 Qe7 12. 0-0 0-0 13. Rfe1 d5 14. Qd3 Qd6 15. Rad1 Bg4 16. h3 Bh5 17. Nc4 dxc4 18. Qxc4+ Bf7 19. Rxd6 Bxc4 20. Bxc4+ Kh8 21. Rdd1 h6 22. Bb5 Bb6 23. Bxc6 bxc6 24. Ne5 Rfe8 25. Nxc6 Ne4 26. a4 Nd6 27. b3 Ne4 28. a5 Bxe3 29. Rxe3 Nf6 30. Rxe8+ Rxe8 31. Nxa7 Ra8 32. Nc6 Ra6 33. Ra1 Rxc6 34. a6 Nd5 35. a7 Nb6 36. Ra6 1-0

[Event "Bayern-chI Bank Hofmann 4th"]
[Site "Bad Wiessee"]
[Date "2000.11.04"]
[Round "8"]
[White "Stimpel, Franz"]
[Black "Halser, Walter"]
[Result "1/2-1/2"]
[WhiteElo "2245"]
[BlackElo "2103"]
[PlyCount "47"]
[EventDate "2000.10.28"]
[EventType "swiss"]
[EventRounds "9"]
[EventCountry "GER"]
[SourceTitle "EXT 2003"]
[Source "ChessBase"]
[SourceDate "2002.11.25"]
[SourceVersion "1"]
[SourceVersionDate "2002.11.25"]
[SourceQuality "1"]

1. d4 Nf6 2. c4 e6 3. Nc3 Bb4 4. e3 b6 5. Nge2 0-0 6. a3 Bxc3+ 7. Nxc3 Bb7 8. Bd3 c5 9. 0-0 d5 10. cxd5 exd5 11. b3 Nbd7 12. Bb2 a6 13. a4 Re8 14. Rc1 Nf8 15. Ne2 Ne6 16. Bf5 c4 17. bxc4 dxc4 18. f3 Nd5 19. Qd2 Qg5 20. Bxe6 Rxe6 21. Nf4 Nxf4 22. exf4 Qe7 23. Rfe1 Re8 24. Bc3 1/2-1/2

[Event "Saarlouis op 3rd"]
[Site "Saarlouis"]
[Date "2000.05.29"]
[Round "4"]
[White "Haas, Michael"]
[Black "Halser, Walter"]
[Result "1-0"]
[WhiteElo "1744"]
[BlackElo "2106"]
[PlyCount "89"]
[EventDate "2000.05.27"]
[EventType "swiss"]
[EventRounds "9"]
[EventCountry "GER"]
[SourceTitle "EXT 2006"]
[Source "ChessBase"]
[SourceDate "2005.11.24"]
[SourceVersion "1"]
[SourceVersionDate "2005.11.24"]
[SourceQuality "1"]

1. e4 e5 2. Nf3 Nc6 3. Bc4 Bc5 4. d3 Nf6 5. Nc3 d6 6. Be3 Bb6 7. h3 h6 8. Qd2 Ne7 9. 0-0-0 c6 10. g4 g5 11. d4 Ba5 12. Qd3 Ng6 13. dxe5 dxe5 14. Qxd8+ Bxd8 15. Rxd8+ Kxd8 16. Bxf7 Nf4 17. Nxe5 Kc7 18. f3 b6 19. Bxf4 gxf4 20. Ng6 Rd8 21. Nxf4 Rf8 22. Ne6+ Bxe6 23. Bxe6 Rae8 24. Bf5 b5 25. Ne2 Kb6 26. Nf4 Rg8 27. h4 Kc7 28. Rd1 Re7 29. c3 Nd7 30. Bxd7 Rxd7 31. Rxd7+ Kxd7 32. Kd2 a5 33. Nd3 Ke7 34. Ke3 Rd8 35. Ne5 Rc8 36. f4 b4 37. c4 c5 38. g5 hxg5 39. hxg5 Ke6 40. Nd3 a4 41. f5+ Kd6 42. g6 Ke7 43. e5 Rh8 44. Nf4 Rh2 45. f6+ 1-0